| 000 -LEADER |
| fixed length control field |
00522cam a22001457a 4500 |
| 008 - FIXED-LENGTH DATA ELEMENTS--GENERAL INFORMATION |
| fixed length control field |
180718b2003 xxu||||| |||| 00| 0 eng d |
| 082 ## - DEWEY DECIMAL CLASSIFICATION NUMBER |
| Classification number |
APPPA 2002-03 VER/38 |
| 100 ## - MAIN ENTRY--PERSONAL NAME |
| Personal name |
Verma, S.K. |
| 245 ## - TITLE STATEMENT |
| Title |
Animal welfare movement in India: role and relevance of government intervention |
| Statement of responsibility, etc. |
by S.K. Verma |
| 260 ## - PUBLICATION, DISTRIBUTION, ETC. |
| Place of publication, distribution, etc. |
New Delhi |
| Name of publisher, distributor, etc. |
Indian Institute of Public Administration |
| Date of publication, distribution, etc. |
2003 |
| 300 ## - PHYSICAL DESCRIPTION |
| Extent |
177p. |
| 500 ## - GENERAL NOTE |
| General note |
An APPPA M.Phil dissertation, 2002-03 (Guide: Girish K. Misra) |
| 650 ## - SUBJECT ADDED ENTRY--TOPICAL TERM |
| Topical term or geographic name entry element |
APPPA |
| 650 ## - SUBJECT ADDED ENTRY--TOPICAL TERM |
| Topical term or geographic name entry element |
Animal welfare - India |